CCNA routing and switching (Record no. 5663)
[ view plain ]
| 000 -LEADER | |
|---|---|
| fixed length control field | 00552 a2200169 4500 |
| 020 ## - INTERNATIONAL STANDARD BOOK NUMBER | |
| International Standard Book Number | 8177220780 |
| 082 ## - DEWEY DECIMAL CLASSIFICATION NUMBER | |
| Classification number | 004.66 |
| 090 ## - LOCALLY ASSIGNED LC-TYPE CALL NUMBER (OCLC); LOCAL CALL NUMBER (RLIN) | |
| -- | 1719 |
| -- | 1719 |
| 100 ## - MAIN ENTRY--PERSONAL NAME | |
| Personal name | Waters, Jason |
| 245 ## - TITLE STATEMENT | |
| Title | CCNA routing and switching |
| Statement of responsibility, etc. | Jason Waters |
| 260 ## - PUBLICATION, DISTRIBUTION, ETC. | |
| Place of publication, distribution, etc. | New Delhi |
| Name of publisher, distributor, etc. | Dreamtech Press |
| Date of publication, distribution, etc. | 2000 |
| 300 ## - PHYSICAL DESCRIPTION | |
| Extent | xxxix, 387p.: |
| Other physical details | ill.; |
| Dimensions | 25 cm. |
| 500 ## - GENERAL NOTE | |
| General note | Includes index |
| 650 ## - SUBJECT ADDED ENTRY--TOPICAL TERM | |
| Topical term or geographic name entry element | Electronic data processing personal--certification, |
| General subdivision | Telecommunication-switching systems-examinations-study guides |
| 700 ## - ADDED ENTRY--PERSONAL NAME | |
| Personal name | Matther J. Rees, Jeffrey T. Coe |
| 942 ## - ADDED ENTRY ELEMENTS (KOHA) | |
| Koha item type | Book |
| Call number prefix | 004.66 WAT |
| Withdrawn status | Lost status | Damaged status | Not for loan | Collection code | Permanent Location | Current Location | Shelving location | Date acquired | Source of acquisition | Cost, normal purchase price | Total Checkouts | Full call number | Barcode | Date last seen | Date last checked out | Price effective from | Koha item type |
|---|---|---|---|---|---|---|---|---|---|---|---|---|---|---|---|---|---|
| Central Library (CL) | Central Library (CL) | First Floor - Data Communication/Network/Architecture | 12/08/2001 | Pak American | 348.25 | 1 | 004.66 WAT | SEECS001550 | 03/09/2023 | 01/05/2023 | 01/05/2017 | Book |
